Applied Science I (Record no. 164520)

MARC details
000 -LEADER
fixed length control field 00518nam a2200193Ia 4500
008 - FIXED-LENGTH DATA ELEMENTS--GENERAL INFORMATION
fixed length control field 230612s9999 xx 000 0 und d
041 ## - LANGUAGE CODE
Language code of text/sound track or separate title eng
082 ## - DEWEY DECIMAL CLASSIFICATION NUMBER
Classification number PAR
100 ## - MAIN ENTRY--PERSONAL NAME
Personal name Parulekar P.
245 ## - TITLE STATEMENT
Title Applied Science I
Remainder of title Section B Chemistry Practical I
250 ## - EDITION STATEMENT
Edition statement 2nd ed.
260 ## - PUBLICATION, DISTRIBUTION, ETC. (IMPRINT)
Date of publication, distribution, etc. 1990
Name of publisher, distributor, etc. Everest Publishing House
300 ## - PHYSICAL DESCRIPTION
Extent 138
365 ## - TRADE PRICE
Currency code Rs.
Price amount 35.00
500 ## - GENERAL NOTE
Keywords W. 2003-04
700 ## - ADDED ENTRY--PERSONAL NAME
Personal name Parulekar P. & Deshpande J.
9 (RLIN) 124401
906 ## - LOCAL DATA ELEMENT F, LDF (RLIN)
d B:487108-Oct-1991
c ALLEDS
Holdings
Withdrawn status Lost status Damaged status Not for loan Home library Current library Date acquired Vendor Budget Code Cost, normal purchase price Bill number Full call number Barcode Date last seen Cost, replacement price Bill Date Koha item type Original Barcode
Withdrawn       Cummins College of Engineering for Women Pune Cummins College of Engineering for Women Pune 21/10/1991 Everest Publishing House ALLEDS 35.00 4871 PAR CCEP-BK-237 12/06/2023 35.00 08/10/1991 Books 000237